000 00510nam a2200169 i 4500
001 99660
003 ES-MaACL
005 20230906182532.0
007 t|
008 050914s1948 sp ||||1| spa d
100 1 _aMartínez Aguirre, J. M.
_977823
245 1 0 _aCuando mueren las naciones /
_cJ. M. Martínez Aguirre, S. de Lacy Alberola.
260 _aMadrid :
_bInstituto Editorial Reus,
_c1948.
300 _a146 p. ;
_c17 cm.
700 1 _aLacy Alberola.
_969428
852 _aES-MaACL
_j1550-F-2
_bR.26458
999 _c99660
_d99660